00937nam a22002297a 450000500170000000800410001702000180005804100080007604400070008408200200009111000700011124502010018126000260038230000300040850400290043865000480046765000380051565000450055370000350059870000420063370000320067520140704124653.0111015s2010 ck gr 00010 spa d a97895880672540 aspa ack04a551.6354bI193e2 aInstituto de Hidrología, Meteorología y Estudios Ambientales.00aExperiencias en el uso y aplicación de tecnologías satelitales para observación de la tierra / cEditado por Vicky Guerrero Barrios, Vivian Farley Garzón Vargas, Jhon Jairo Carmona Cuervo. aBogotábIDEAMc2010 a114 p.bil, mapasc28 cm. aIncluye bibliografías. aSatélites artificiales en meteorología. aAstronáutica en meteorología. aObesrvación de la tierraxaplicaciones1 aGuerrero-Barrios, Vicky, eed.1 aGarzón-Vargas, Vivian Farley, eed.1 aCarmona-Cuervo, Jhon Jairo.